Statistics for Countries with embassies and consulates in Sweden

Click here to take the quiz!

General Stats

  • This quiz has been taken 104 times
  • The average score is 85 of 106

Answer Stats

ContinentCountry% Correct
North AmericaCanada
99%
AsiaChina
97%
EuropeFinland
97%
South AmericaArgentina
96%
EuropeFrance
96%
EuropeGermany
96%
EuropeUnited Kingdom
96%
South AmericaBrazil
95%
EuropeDenmark
95%
EuropeNorway
95%
North AmericaUnited States of America
95%
EuropeAustria
94%
EuropeBelgium
94%
South AmericaChile
94%
AsiaIndia
94%
Asia/ EuropeRussia
94%
OceaniaAustralia
92%
EuropeBosnia and Herzegovina
92%
EuropeCroatia
92%
North AmericaCuba
92%
AsiaJapan
92%
North AmericaMexico
92%
EuropeBulgaria
91%
South AmericaColombia
91%
AsiaIran
91%
AsiaIraq
91%
EuropeIreland
91%
EuropeAlbania
90%
EuropeEstonia
90%
EuropeGreece
90%
EuropeItaly
90%
EuropePortugal
90%
EuropeSpain
90%
AfricaAlgeria
89%
South AmericaBolivia
89%
EuropeIceland
89%
EuropeLatvia
89%
EuropePoland
89%
AsiaSouth Korea
89%
EuropeSwitzerland
89%
Europethe Netherlands
89%
Asia/ EuropeTurkey
89%
AfricaEgypt
87%
AsiaIndonesia
87%
EuropeLithuania
87%
EuropeCzech Republic
86%
EuropeRomania
86%
EuropeSlovakia
86%
AsiaThailand
86%
EuropeHungary
85%
EuropeSerbia
85%
South AmericaEcuador
82%
AsiaIsrael
82%
South AmericaPeru
82%
AsiaVietnam
82%
AsiaAfghanistan
81%
AsiaArmenia
81%
AsiaBangladesh
81%
EuropeUkraine
81%
South AmericaVenezuela
81%
AfricaAngola
78%
AfricaEthiopia
78%
EuropeKosovo
78%
AsiaLaos
78%
EuropeMoldova
78%
AfricaLibya
77%
AfricaMorocco
77%
AsiaSyria
77%
AfricaTunisia
77%
AsiaUnited Arab Emirates
77%
EuropeCyprus
76%
AsiaPakistan
76%
North AmericaPanama
76%
South AmericaUruguay
76%
AfricaKenya
75%
AsiaAzerbaijan
73%
AfricaDemocratic Republic of the Congo
73%
AsiaGeorgia
73%
AsiaSaudi Arabia
73%
AfricaRepublic of the Congo
72%
North AmericaGuatemala
71%
South AmericaParaguay
71%
AfricaNigeria
70%
AsiaLebanon
68%
AsiaMalaysia
68%
AsiaNorth Korea
68%
AsiaQatar
68%
AfricaSudan
68%
North AmericaNicaragua
67%
AfricaTanzania
67%
North AmericaDominican Republic
66%
North AmericaEl Salvador
66%
EuropeMacedonia
66%
AsiaSri Lanka
66%
AfricaEritrea
65%
AsiaKuwait
63%
AsiaMongolia
59%
AfricaBotswana
57%
AfricaNamibia
57%
AfricaZambia
57%
AsiaKazakhstan
54%
EuropeVatican City
54%
AfricaZimbabwe
54%
AfricaRwanda
49%
AfricaMozambique
44%
AsiaPalestine
38%

Score Distribution

Percentile by Number Answered

Percent of People with Each Score

Your Score History

You have not taken this quiz